[Event "28th WJun Girls"]
[Site "Chotowa POL"]
[Date "2010.08.09"]
[Round "6"]
[White "Orehek,S"]
[Black "Unapkoshvili,N"]
[Result "1/2-1/2"]
[WhiteElo "1883"]
[BlackElo "1997"]

1.e4 d6 2.d4 Nf6 3.Nc3 e5 4.f4 exd4 5.Qxd4 Nc6 6.Bb5 Be7 7.Bxc6+ bxc6 8.Nf3 O-O
9.O-O Re8 10.Bd2 Nd7 11.Rad1 Bf6 12.e5 dxe5 13.Qc4 Nb6 14.Qxc6 Bd7 15.Qe4 exf4
16.Qxf4 Bc6 17.Be3 Qc8 18.Bd4 Bxf3 19.Qxf3 Bxd4+ 20.Rxd4 f6 21.Nd5 Nxd5 22.Qxd5+ Kh8
23.Rh4 Re7 24.Qd3 Qg8 25.Rd1 Rae8 26.h3 g5 27.Ra4 c6 28.Qc3 Qe6 29.Rc4 Rc7
30.b3 Kg7 31.Rcd4  1/2-1/2

[Event "49th WJun"]
[Site "Chotowa POL"]
[Date "2010.08.09"]
[Round "6"]
[White "Bajarani,U"]
[Black "Sjugirov,S"]
[Result "0-1"]
[WhiteElo "2409"]
[BlackElo "2610"]

1.e4 d6 2.d4 Nf6 3.Nc3 e5 4.dxe5 dxe5 5.Qxd8+ Kxd8 6.Bg5 Be6 7.O-O-O+ Nd7
8.f4 exf4 9.Nge2 Bd6 10.Nxf4 h6 11.Bxf6+ gxf6 12.g3 Be5 13.Ncd5 c6 14.Ne3 Ke7
15.Bc4 Nc5 16.Bxe6 Bxf4 17.gxf4 fxe6 18.Rhg1 Rhg8 19.Ng4 h5 20.Nh6 Rxg1 21.Rxg1 Rh8
22.Rg7+ Ke8 23.Rg6 Nxe4 24.c4 Rh7 25.Kd1 Nf2+ 26.Ke1 Ng4 27.Rg8+ Kd7 28.Nxg4 hxg4
29.Rxg4 Rxh2 30.Rg7+ Kc8 31.b4 Rh4 32.Rg8+ Kc7 33.c5 a6 34.f5 exf5  0-1

[Event "ch-SLO w"]
[Site "Ljubljana SLO"]
[Date "2010.08.09"]
[Round "3"]
[White "Nadvesnik,M"]
[Black "Krivec,J"]
[Result "0-1"]
[WhiteElo "1826"]
[BlackElo "2318"]

1.e4 d6 2.d4 Nf6 3.Nc3 e5 4.Nf3 Nbd7 5.Bc4 Be7 6.O-O O-O 7.Re1 c6 8.a4 b6
9.d5 cxd5 10.Nxd5 Bb7 11.h3 Rc8 12.Bb3 Nxd5 13.exd5 Nc5 14.Ba2 a5 15.c4 f5
16.b3 Bf6 17.Bb2 Rc7 18.Rc1 Bc8 19.Bb1 g5 20.Nh2 Rg7 21.Ba3 g4 22.hxg4 fxg4
23.Bxc5 bxc5 24.g3 h5 25.Be4 Bg5 26.Rc2 Rf6 27.Qd3 Rh6 28.Ree2 Qb6 29.Rb2 Rf6
30.Rec2 Rgf7 31.Bg6 Bf5 32.Bxf7+ Rxf7 33.Qc3 Bxc2 34.Qxc2 Kg7 35.Qc3 Bf6
36.Re2 Rb7 37.Re3 Bg5 38.Rd3 Kh6 39.Qe1 Qb4 40.Qxb4 Rxb4 41.Nf1 Kg6 42.Kg2 Kf5
43.f3 e4 44.fxg4+ hxg4 45.Ne3+ Bxe3 46.Rxe3 Ke5 47.Kf2 Kd4 48.Ke2 Rb8 49.Kd2 Rf8
50.Re2 Rf3  0-1

[Event "14th HZ Open"]
[Site "Vlissingen NED"]
[Date "2010.08.09"]
[Round "4"]
[White "Dijkstra,A"]
[Black "Verduyn,F"]
[Result "0-1"]
[WhiteElo "1941"]
[BlackElo "2195"]

1.e4 d6 2.d4 Nf6 3.Nc3 c6 4.Be3 Nbd7 5.Qd2 e5 6.O-O-O Be7 7.Be2 b5 8.f3 b4
9.Na4 Qa5 10.b3 Nb6 11.c3 Nxa4 12.cxb4 Qc7 13.bxa4 O-O 14.Kb1 Rb8 15.Rc1 d5
16.b5 exd4 17.Bf4 Bd6 18.Bxd6 Qxd6 19.Qxd4 Re8 20.Ka1 Bd7 21.Rc5 cxb5 22.Bxb5 Bxb5
23.axb5 Qb6 24.Ne2 dxe4 25.Qc4 exf3 26.Nf4 fxg2 27.Nxg2 Ne4 28.Rc6 Qf2 29.Rf1 Qxg2
30.Qxf7+ Kh8 31.Re6 Rg8 32.Re7 Nd6 33.Qf4 Rxb5 34.Qc1 Ra5 35.Qb1 Rxa2+  0-1

[Event "36th Open"]
[Site "Badalona ESP"]
[Date "2010.08.10"]
[Round "9"]
[White "Corrales Jimenez,F"]
[Black "Almeida Quintana,O"]
[Result "1/2-1/2"]
[WhiteElo "2574"]
[BlackElo "2559"]

1.e4 d6 2.d4 Nf6 3.Nc3 e5 4.dxe5 dxe5 5.Qxd8+ Kxd8 6.Bc4 Be6 7.Bxe6 fxe6
8.f3 Nc6 9.Be3 Bd6 10.O-O-O Ke7 11.Nge2 a6 12.Rd3 Nh5 13.Rhd1 Nf4 14.Nxf4 exf4
15.Bf2 Ne5 16.R3d2 Nc4 17.Rd3 Ne5 18.Rd4 g5 19.R4d2 Nc4 20.Rd3 Ne5 21.R3d2 Nc4
22.Rd3  1/2-1/2

[Event "Negroponte Open"]
[Site "Chalkis GRE"]
[Date "2010.08.10"]
[Round "2"]
[White "Rozentalis,E"]
[Black "Cherednichenko,S"]
[Result "1-0"]
[WhiteElo "2631"]
[BlackElo "2302"]

1.d4 d6 2.e4 Nf6 3.Nc3 e5 4.Nf3 Nbd7 5.Bc4 Be7 6.O-O O-O 7.Re1 c6 8.a4 a5
9.Bf1 Qc7 10.g3 Re8 11.Bg2 Nf8 12.Nh4 exd4 13.Qxd4 Ne6 14.Qd1 Nc5 15.Bf4 Bg4
16.Qd2 Rad8 17.h3 Bc8 18.Nf3 Qb6 19.Nd4 Qb4 20.g4 Ne6 21.Be3 Nxd4 22.Bxd4 Nd7
23.Rad1 Nc5 24.b3 Ne6 25.Be3 Bf6 26.Ne2 h6 27.Qxb4 axb4 28.f4 g5 29.f5 Nc5
30.Bd4 Be5 31.Nc1 b6 32.Na2 Na6 33.Bxb6 c5 34.Bxd8 Rxd8 35.Nc1 Nb8 36.Bf1 Nc6
37.Bc4 Nd4 38.Nd3 Bf6 39.e5 Nf3+ 40.Kf2 Nxe1 41.exf6 Nxc2 42.Nxc5 Na3 43.Be2 Nb1
44.Rxb1 dxc5 45.Rd1 Rxd1 46.Bxd1 Kf8 47.Be2 Ke8 48.Bc4 Bb7 49.a5 Ba8 50.a6 Bc6
51.a7 Bb7 52.Ke3 Ba8 53.Bd3  1-0

[Event "ch-SLO w"]
[Site "Ljubljana SLO"]
[Date "2010.08.10"]
[Round "4"]
[White "Bajt,I"]
[Black "Novak,Ks"]
[Result "1-0"]
[WhiteElo "2189"]
[BlackElo "2200"]

1.e4 d6 2.d4 Nf6 3.Nc3 e5 4.Nf3 Nbd7 5.Bc4 Be7 6.O-O O-O 7.Re1 c6 8.a4 b6
9.Bg5 a6 10.Bxf6 Bxf6 11.d5 Nb8 12.dxc6 Nxc6 13.Bd5 Bb7 14.Nd2 Qc7 15.Nc4 Rfd8
16.Ne3 Nd4 17.Bxb7 Qxb7 18.Ncd5 Bg5 19.c3 Bxe3 20.Rxe3 Ne6 21.Qg4 Kf8 22.Qf5 Nf4
23.Nxf4 exf4 24.Qxf4 b5 25.a5 Rac8 26.Rae1 Qc7 27.e5 dxe5 28.Rxe5 Qxa5 29.Qf5 f6
30.Re7 Rc7 31.R7e2 Rcd7 32.Qxh7 Rd1 33.Qh8+ Kf7 34.Re7+ Kg6 35.Rxg7+  1-0

[Event "TCh-MKD"]
[Site "Struga MKD"]
[Date "2010.08.10"]
[Round "2"]
[White "Kiroski,T"]
[Black "Skrceski,G"]
[Result "0-1"]
[WhiteElo "2362"]
[BlackElo "2215"]

1.e4 d6 2.d4 Nf6 3.Nc3 c6 4.a4 a5 5.Nf3 Bg4 6.Bc4 Nbd7 7.h3 Bxf3 8.Qxf3 Qb6
9.Qd3 e6 10.O-O Be7 11.Be3 d5 12.exd5 exd5 13.Bb3 O-O 14.Ne2 Qc7 15.Bf4 Bd6
16.Bxd6 Qxd6 17.Ng3 g6 18.c3 Rae8 19.Rae1 Qf4 20.Bc2 h5 21.Ne2 Qh4 22.Qd2 Ne4
23.Qh6 Ndf6 24.f3 Ng5 25.f4 Ngh7 26.f5 g5 27.Bd1 Re3 28.Rf2 Ne4 29.Rff1 Re8
30.f6 Nexf6 31.Rf2 Ne4 32.Rxf7 Qxe1+ 33.Rf1 Qxf1+ 34.Kxf1 Rf8+ 35.Ke1 Rf6
36.Qxh5 Ng3 37.Qg4 Rfe6 38.Kd2 Nxe2 39.Bc2 Nf4 40.Bxh7+ Kxh7 41.Qxg5 Re2+
42.Kd1 Nxg2 43.Qd8 Re1+ 44.Kc2 Ne3+ 45.Kb3 Nc4 46.Qd7+ Re7 47.Qf5+ Kg7 48.Qg5+ Kf8
49.Qf5+ Rf7 50.Qc8+ Re8 51.Qg4 Rf2  0-1

[Event "14th HZ Open"]
[Site "Vlissingen NED"]
[Date "2010.08.10"]
[Round "5"]
[White "Admiraal,M"]
[Black "Haslinger,S"]
[Result "0-1"]
[WhiteElo "2221"]
[BlackElo "2552"]

1.e4 d6 2.d4 Nf6 3.Nc3 e5 4.Nf3 Nbd7 5.g3 c6 6.Bg2 b5 7.a3 Be7 8.O-O O-O
9.b3 Re8 10.Bb2 Bb7 11.Re1 a5 12.Qd2 Bf8 13.d5 cxd5 14.Nxd5 Nxd5 15.exd5 g6
16.Rad1 Bg7 17.Ng5 Qb6 18.h4 h6 19.Ne4 f5 20.Nc3 Nf6 21.Bf1 Ba6 22.a4 b4
23.Nb5 Rec8 24.Bc4 Bxb5 25.Bxb5 Ne4 26.Rxe4 fxe4 27.Re1 Qc5 28.Bc4 Rf8 29.Rxe4 Rf3
30.Kg2 Raf8 31.Re2 e4 32.Bxg7 Kxg7 33.Bb5 Rxf2+  0-1

[Event "Negroponte Open"]
[Site "Chalkis GRE"]
[Date "2010.08.11"]
[Round "3"]
[White "Manakova,M"]
[Black "Zablotsky,S"]
[Result "1/2-1/2"]
[WhiteElo "2306"]
[BlackElo "2553"]

1.e4 d6 2.d4 Nf6 3.Nc3 e5 4.dxe5 dxe5 5.Qxd8+ Kxd8 6.Bg5 Be6 7.g3 Kc8 8.f4 Bb4
9.Bxf6 gxf6 10.O-O-O Bxc3 11.bxc3 Na6 12.f5 Bd7 13.Bxa6 bxa6 14.Nh3 Rb8 15.Nf2 Bb5
16.Nd3 Bc4 17.Nb2 Bb5 18.Nd3 a5 19.Nc5 Rb6 20.a4 Bc4 21.Nd7 Rc6 22.Rd2 Rg8
23.Kb2 Rg4 24.Re1 h5 25.Ka3 Ba6 26.Kb2 Bc4 27.Ka3 Ba6  1/2-1/2

[Event "28th WJun Girls"]
[Site "Chotowa POL"]
[Date "2010.08.11"]
[Round "8"]
[White "Deur,Z"]
[Black "Unapkoshvili,N"]
[Result "1-0"]
[WhiteElo "2061"]
[BlackElo "1997"]

1.e4 d6 2.d4 Nf6 3.Nc3 e5 4.Nf3 Nbd7 5.Bc4 Be7 6.O-O O-O 7.Re1 c6 8.a4 a5
9.b3 h6 10.Bb2 Qc7 11.Qd2 Re8 12.Rad1 Nf8 13.dxe5 dxe5 14.Nh4 Be6 15.Bd3 Nh5
16.Nf5 Bg5 17.Qe2 Nf4 18.Qf3 Nxd3 19.Rxd3 Red8 20.Red1 Rxd3 21.Rxd3 Rd8 22.Ne2 Rd7
23.h4 Bf6 24.Nxh6+ Kh7 25.Ng4 Bxg4 26.Qxg4 Rxd3 27.cxd3 Qd8 28.Qf3 Kg8 29.g3 Qb6
30.Nc1 Ne6 31.Qd1 Nc5 32.Bc3 Qd8 33.Qc2 Ne6 34.Ne2 b6 35.Qb2 Qxd3 36.Kg2 Qxe4+
37.f3 Qd5 38.b4 e4 39.Ng1 exf3+ 40.Nxf3 Bxc3 41.Qxc3 axb4 42.Qxb4 Nd4 43.Qxd4 Qxd4
44.Nxd4 c5 45.Nf5 Kf8 46.Kf3 g6 47.Nd6 Ke7 48.Nc8+ Kd7 49.Nxb6+ Kc6  1-0

[Event "14th HZ Open"]
[Site "Vlissingen NED"]
[Date "2010.08.11"]
[Round "6"]
[White "Van de Poel,T"]
[Black "Verduyn,F"]
[Result "0-1"]
[WhiteElo "2005"]
[BlackElo "2195"]

1.e4 d6 2.d4 Nf6 3.Nc3 c6 4.Nf3 Bg4 5.Be2 e6 6.O-O d5 7.exd5 cxd5 8.Ne5 Bxe2
9.Nxe2 Be7 10.Ng3 Nc6 11.c3 O-O 12.Be3 Rc8 13.Qe2 a6 14.f4 g6 15.f5 exf5
16.Bh6 Re8 17.Nxf5 Nxe5 18.dxe5 Bc5+ 19.Nd4 Ne4 20.Qf3 Qd7 21.Qf4 Qc7 22.Qf3 Bf8
23.Bxf8 Rxf8 24.e6 f5 25.Qf4 Qxf4 26.Rxf4 Rfe8 27.Rd1 Nc5 28.Rf3 Rcd8 29.Rf4 Nxe6
30.Nxe6 Rxe6 31.Rfd4 Re2 32.R1d2 Rxd2 33.Rxd2 Kf7 34.Kf2 Ke6 35.Kf3 Rc8 36.g4 fxg4+
37.Kxg4 Rc4+ 38.Kf3 Re4 39.Kg3 h5 40.Kf3 g5 41.h3 Rf4+ 42.Kg3 Ke5 43.Rd1 Re4
44.Kf3 d4 45.cxd4+ Rxd4 46.Re1+ Kf5 47.Re2 Rd3+ 48.Kg2 Kf4 49.Rf2+ Ke4 50.Re2+ Kd4
51.Rc2 h4 52.Re2 Re3 53.Rd2+ Ke4 54.Rc2 Rg3+ 55.Kh2 Re3 56.Kg2 Rg3+ 57.Kh2 Rd3
58.Rc4+ Rd4 59.Rc2 Ke3 60.Kg1 Rd1+ 61.Kg2 b5 62.Rc3+ Ke4 63.Rb3  0-1

[Event "14th HZ Open"]
[Site "Vlissingen NED"]
[Date "2010.08.11"]
[Round "6"]
[White "Zelbel,P"]
[Black "Henrichs,T"]
[Result "0-1"]
[WhiteElo "2345"]
[BlackElo "2490"]

1.e4 d6 2.d4 Nf6 3.Nc3 e5 4.dxe5 dxe5 5.Qxd8+ Kxd8 6.Bc4 Ke8 7.Nge2 c6 8.a4 Bb4
9.f3 a5 10.Bd2 Nbd7 11.Nb1 Nb6 12.Bb3 Nfd7 13.c3 Bd6 14.Bc2 Nc5 15.b3 Be6
16.c4 Ke7 17.Bc3 Nbd7 18.Nd2 f6 19.Nc1 h5 20.Nd3 h4 21.Nxc5 Bxc5 22.Ke2 Nf8
23.Rab1 Bc8 24.Bd3 Ne6 25.Kd1 Rd8 26.Kc2 Bb4 27.Rhd1 Nd4+ 28.Kb2 Bc5 29.h3 Ne6
30.Bf1 Bd7 31.Kc2 Be8 32.Ra1 Kf7 33.Rdb1 Bb4 34.Rd1 Nc5 35.Be2 Ne6 36.Bf1 Kg6
37.Rac1 Ba3 38.Ra1 Bc5 39.Be2 Nf4 40.Bf1 Bd4 41.Rac1 Kg5 42.Nb1 Bxc3 43.Nxc3 Ne6
44.Rd3 Rxd3 45.Kxd3 Nc5+ 46.Kc2 Rd8 47.Ne2 Bg6 48.Kc3 Rd3+ 49.Kc2 Rxb3 50.Nc3 Kf4
51.Ne2+ Ke3 52.Re1 Kf2 53.Rd1 Rb4 54.Nc1 Rxa4 55.Bd3 Kxg2 56.Rd2+ Kxf3  0-1

[Event "FSGM August"]
[Site "Budapest HUN"]
[Date "2010.08.12"]
[Round "6"]
[White "Kargin,A"]
[Black "Genov,Peta"]
[Result "1/2-1/2"]
[WhiteElo "2396"]
[BlackElo "2478"]

1.e4 d6 2.d4 Nf6 3.Nc3 e5 4.Nf3 Nbd7 5.Bc4 Be7 6.O-O O-O 7.Re1 c6 8.a4 b6
9.d5 cxd5 10.Nxd5 Bb7 11.b3  1/2-1/2

[Event "Tch-ESP CECLUB GpB"]
[Site "Burguillos ESP"]
[Date "2010.08.12"]
[Round "4"]
[White "Korneev,O"]
[Black "Pozo Vera,S"]
[Result "1-0"]
[WhiteElo "2543"]
[BlackElo "2453"]

1.e4 d6 2.d4 Nf6 3.Nc3 e5 4.Nf3 Nbd7 5.Bc4 Be7 6.O-O O-O 7.a4 a6 8.Re1 b6
9.Ne2 Bb7 10.Ng3 c6 11.dxe5 dxe5 12.Nh4 b5 13.Ba2 Nc5 14.Nhf5 Bc8 15.Qf3 Be6
16.Bg5 Bxa2 17.Rxa2 Ne6 18.Nxe7+ Qxe7 19.Bxf6 Qxf6 20.Qxf6 gxf6 21.Nh5 Rfd8
22.Nxf6+ Kg7 23.Ng4 Rd2 24.c3 f6 25.Ne3 Nc5 26.axb5 cxb5 27.Nf1 Rc2 28.Ne3 Rd2
29.f3 Na4 30.Rd1 Rad8 31.Raa1 R8d3 32.Rxd2 Rxd2 33.b3 Nxc3 34.Rxa6 Ne2+ 35.Kf1 Nd4
36.Rb6 Rd3 37.Rb7+ Kg6 38.Nf5 Nxf5 39.exf5+ Kxf5 40.Rxb5 Rd2 41.Kg1 h5 42.Rb4 Kg6
43.h4 Rb2 44.Kh2 Kf5 45.Kg3 Kg6 46.Rb8 Kf5 47.Rb7 Rb1 48.Rb5 Rb2 49.Rb8 Rb1
50.b4 Rb3 51.Kh2 Kf4 52.b5 f5 53.b6 e4 54.fxe4 fxe4 55.b7 Ke3 56.g4 hxg4
57.h5 Ke2 58.h6 Rf3 59.Ra8 Kf2  1-0

[Event "49th WJun"]
[Site "Chotowa POL"]
[Date "2010.08.12"]
[Round "9"]
[White "Andersen,Mad"]
[Black "Sagar,S"]
[Result "1-0"]
[WhiteElo "2382"]
[BlackElo "2285"]

1.e4 d6 2.d4 Nf6 3.Nc3 e5 4.Nf3 Nbd7 5.Bc4 Be7 6.O-O O-O 7.Re1 c6 8.a4 a5
9.h3 Nb6 10.Bb3 Nfd7 11.Be3 exd4 12.Qxd4 Nc5 13.Rad1 Be6 14.Bxe6 fxe6 15.e5 d5
16.Qg4 Nbd7 17.Bh6 Rf7 18.Nd4 Qb6 19.Bc1 Nf8 20.f4 Qb4 21.f5 exf5 22.Nxf5 Qxg4
23.hxg4 Nfe6 24.b3 Bf8 25.Ne2 g6 26.Nfd4 Bg7 27.Nxe6 Nxe6 28.Bb2 Re8 29.g3 Ng5
30.Kg2 Bxe5 31.Nf4 Ne4 32.Bxe5 Rxe5 33.Rd4 Rg5 34.Rexe4 dxe4 35.Rd8+ Kg7
36.Ne6+ Kh6 37.Rd1 Rh5 38.gxh5 Kxh5 39.Re1 Rd7 40.Rxe4  1-0

[Event "49th WJun"]
[Site "Chotowa POL"]
[Date "2010.08.12"]
[Round "9"]
[White "Saric,Iv"]
[Black "Sjugirov,S"]
[Result "0-1"]
[WhiteElo "2584"]
[BlackElo "2610"]

1.e4 d6 2.d4 Nf6 3.Nc3 e5 4.Nf3 Nbd7 5.Bc4 Be7 6.O-O O-O 7.Re1 c6 8.a4 b6
9.b3 Bb7 10.a5 Rb8 11.Bd3 b5 12.Bb2 a6 13.Ne2 Qc7 14.Ng3 g6 15.c4 exd4 16.Nxd4 bxc4
17.Bxc4 Ne5 18.Bf1 Rfe8 19.f4 Ned7 20.e5 dxe5 21.fxe5 Bb4 22.e6 Bxe1 23.Qxe1 c5
24.Bc4 Bd5 25.Bxd5 Nxd5 26.exf7+ Kxf7 27.Qf1+ N7f6 28.Nf3 Rxb3 29.Bxf6 Rxf3
30.Qxf3 Nxf6 31.Rb1 Qxa5 32.Rf1 Qd8 33.Qb7+ Re7 34.Qxa6 Qd4+ 35.Kh1 Kg7 36.h3 Qe5
37.Rf3 Nd5 38.Qc4 Ne3 39.Qd3 h5 40.Qd8 Re8 41.Qd7+ Qe7 42.Qd3 h4 43.Qc3+ Kh7
44.Nf1 Nf5 45.Kg1 Nd4 46.Re3 Ne2+ 47.Rxe2 Qxe2 48.Qxc5 Re5 49.Qa7+ Kh6 50.Qd4 Qe1
51.Qf4+ Kg7 52.Qd4 Kh7 53.Kh2 Re7 54.Qc4 Qf2 55.Qd3 Re2 56.Qd7+ Kh6 57.Qd5 Re1
58.Qd2+ Qxd2 59.Nxd2 g5 60.Nf3 Ra1 61.g4 hxg3+ 62.Kxg3 Kh5 63.Kg2 Ra2+ 64.Kg3 Ra3
65.Kg2 Kg6 66.Nd4 Rd3 67.Ne2 Kf5 68.Ng3+ Kf4 69.Nh5+ Ke5 70.Ng3 Ra3 71.Kf2 Ra4
72.Kf3 Rf4+ 73.Kg2 Rf8 74.Nh5 Rh8 75.Ng3 Kf4 76.Ne2+ Ke3 77.Ng3 Ra8 78.Nh5 Ra1
79.Nf6 Ra6 80.Nh5 Rh6 81.Ng3 Rf6 82.Nf1+ Kf4 83.Ng3 Rh6 84.Ne2+ Ke5 85.Ng3 Rh4
86.Ne2 Ra4 87.Ng3 Ra3 88.Kf2 Rb3 89.Kg2 Kf4 90.Nh5+ Ke4 91.Ng3+ Ke3 92.Nh5 Rb4
93.Kg3 Rh4 94.Nf6 Kd4 95.Ng4 Ke4 96.Nf6+ Kf5 97.Ng4 Rh8 98.Ne3+ Ke4 99.Ng4 Ra8
100.Nh6 Ra6 101.Ng8 Rg6 102.Ne7 Re6 103.Nc8 Kf5 104.Kf3 Kf6 105.Na7 Rb6 106.Nc8 Rb3+
107.Kg4 Ke6 108.Na7 Kd7 109.Kxg5 Rb7 110.h4 Rxa7 111.h5 Ke7 112.Kg6 Kf8 113.h6 Kg8  0-1

[Event "GM3 Proclient Cup"]
[Site "Olomouc CZE"]
[Date "2010.08.12"]
[Round "9"]
[White "Vovk,A"]
[Black "Janev,E"]
[Result "1-0"]
[WhiteElo "2522"]
[BlackElo "2463"]

1.e4 d6 2.d4 Nf6 3.Nc3 e5 4.Nf3 Nbd7 5.Bc4 Be7 6.O-O O-O 7.Re1 exd4 8.Nxd4 Re8
9.h3 Bf8 10.Bg5 c6 11.a4 h6 12.Bh4 Ne5 13.Bf1 a6 14.a5 Bd7 15.Kh1 Rc8 16.Bg3 c5
17.Nf5 Bxf5 18.exf5 c4 19.Nd5 Ned7 20.Rxe8 Qxe8 21.Ne3 c3 22.b4 Ne4 23.Nd5 Be7
24.b5 Ndc5 25.bxa6 bxa6 26.Bd3 Nxg3+ 27.fxg3 Bg5 28.f6 Rb8 29.fxg7 Qe5 30.Qf3 Nxd3
31.Qxd3 Rb5 32.Nc7 Rc5 33.Nxa6 Rxa5 34.Rxa5 Qe1+ 35.Kh2 Be3 36.Rf5 Kxg7 37.Rf1  1-0

[Event "Open"]
[Site "Olomouc CZE"]
[Date "2010.08.12"]
[Round "9"]
[White "Stachanczyk,J"]
[Black "Libov,G"]
[Result "1/2-1/2"]
[WhiteElo "2267"]
[BlackElo "2203"]

1.e4 d6 2.d4 Nf6 3.Nc3 Nbd7 4.Nf3 e5 5.g4 h6 6.g5 exd4 7.Qxd4 hxg5 8.Bxg5 Nb6
9.O-O-O Be6 10.Kb1 Be7 11.Rg1 Nh5 12.Nd5 Bxd5 13.exd5 Bxg5 14.Bb5+ Kf8 15.Rxg5 Qf6
16.Qg4 g6 17.Nh4 Qf4 18.Rxg6 Qxg4 19.Rxg4 Nf6 20.Rgd4 Nbxd5 21.Bf1 c5 22.Ra4 Nb6
23.Rf4 Nbd5 24.Ra4 Nb6  1/2-1/2

[Event "TCh-MKD"]
[Site "Struga MKD"]
[Date "2010.08.12"]
[Round "4"]
[White "Krstevski,V"]
[Black "Skrceski,G"]
[Result "0-1"]
[WhiteElo "2145"]
[BlackElo "2215"]

1.e4 d6 2.d4 Nf6 3.Nc3 c6 4.Nf3 Bg4 5.Be2 Nbd7 6.O-O e6 7.Re1 Qc7 8.Bf4 Bxf3
9.Bxf3 e5 10.Be3 g6 11.Qd2 h5 12.h3 Bg7 13.d5 Nb6 14.Qd3 Bh6 15.dxc6 bxc6
16.b3 Bxe3 17.Qxe3 Nbd7 18.Na4 Nf8 19.Be2 Ne6 20.Bc4 Nf4 21.Bf1 h4 22.Nc3 Ke7
23.Ne2 Ne6 24.f4 Qb6 25.Qxb6 axb6 26.f5 gxf5 27.exf5 Ng7 28.Nd4 Kd7 29.Nf3 Nxf5
30.a4 Nd5 31.Rad1 f6 32.Rd2 Nfe7 33.c4 Nc7 34.Re4 Ng6 35.Rg4 Rag8 36.Bd3 Nf8
37.Bf5+ Ke7 38.Rxg8 Rxg8 39.Nxh4 Rg3 40.Nf3 Rg8 41.Ra2 d5 42.cxd5 Nxd5 43.Nh4 e4
44.Bxe4 Nc3 45.Rc2 Nxe4 46.Rxc6  0-1

[Event "FSGM August"]
[Site "Budapest HUN"]
[Date "2010.08.13"]
[Round "7"]
[White "Kislik,E"]
[Black "Lorscheid,G"]
[Result "1/2-1/2"]
[WhiteElo "2342"]
[BlackElo "2345"]

1.e4 d6 2.d4 Nf6 3.Nc3 e5 4.Nf3 Nbd7 5.Bc4 Be7 6.O-O O-O 7.a4 c6 8.Re1 b6
9.Bg5 a6 10.d5 c5 11.Be3 Nh5 12.Qd2 g6 13.Bh6 Ng7 14.Bd3 Nf6 15.h3 Kh8 16.Nh2 Ng8
17.Be3 f5 18.exf5  1/2-1/2

[Event "Negroponte Open"]
[Site "Chalkis GRE"]
[Date "2010.08.13"]
[Round "5"]
[White "Khukhashvili,S"]
[Black "Zablotsky,S"]
[Result "1-0"]
[WhiteElo "2409"]
[BlackElo "2553"]

1.e4 d6 2.d4 Nf6 3.Nc3 e5 4.dxe5 dxe5 5.Qxd8+ Kxd8 6.Bc4 Be6 7.Bxe6 fxe6
8.f3 a6 9.Be3 Bd6 10.Nh3 Ke7 11.Nb1 h6 12.Nf2 Nbd7 13.Nd2 Bc5 14.Bxc5+ Nxc5
15.Nc4 Nfd7 16.Ng4 h5 17.Ngxe5 Nxe5 18.Nxe5 Kf6 19.Nc4 Rad8 20.b3 g5 21.Ke2 e5
22.Ne3 Ne6 23.Rad1 Nd4+ 24.Kf2 Ke6 25.h3 Rd6 26.Nc4 Rc6 27.c3 Nb5 28.Rd3 Nd6
29.Na5 Rb6 30.c4 Nf7 31.Rhd1 h4 32.a4 Rb8 33.c5 Rb4 34.Nc4 b6 35.cxb6 cxb6
36.Ne3 Rc8 37.R1d2 Rd4 38.Rxd4 exd4 39.Rxd4 Ne5 40.Nc4 Nf7 41.Rd5 Rb8 42.g3 b5
43.axb5 axb5 44.Ne3 hxg3+ 45.Kxg3 b4 46.Nf5 Kf6 47.Nd4 Rc8 48.Rf5+ Kg6 49.Rb5 Rc3
50.Rxb4 Ne5 51.Rb6+ Kf7 52.Rd6 Rc1 53.b4 Rg1+ 54.Kf2 Rh1 55.Ne6 Ke7 56.Ra6 Nf7
57.Kg2 Rd1 58.Nc7 Nd6 59.Nd5+ Ke6 60.Ra7  1-0

[Event "28th WJun Girls"]
[Site "Chotowa POL"]
[Date "2010.08.13"]
[Round "10"]
[White "Nemcova,Kat"]
[Black "Bhakti,K"]
[Result "0-1"]
[WhiteElo "2282"]
[BlackElo "2249"]

1.e4 d6 2.d4 Nf6 3.Nc3 e5 4.Nf3 Nbd7 5.Bc4 Be7 6.O-O O-O 7.a4 c6 8.Re1 b6
9.d5 cxd5 10.Nxd5 Bb7 11.b3 Nc5 12.Nxf6+ Bxf6 13.Bd5 Qc7 14.Ba3 Rad8 15.c4 Bxd5
16.cxd5 Qd7 17.Rc1 Be7 18.Rc4 f5 19.exf5 Qxf5 20.b4 Nd3 21.Ree4 Nf4 22.Bc1 Nh5
23.g4 Qg6 24.Nxe5 dxe5 25.Rxe5 Nf6 26.Rxe7 Nxd5 27.Rd4 Qf6 28.Re2 Nc3 29.Qb3+ Kh8
30.Rdd2 Nxe2+ 31.Rxe2 Qd4 32.Bb2 Qxg4+ 33.Kf1 Rf3 34.Qd5 Rdf8 35.Rc2 Qh3+
36.Kg1 R3f5 37.Bxg7+ Kxg7 38.Rc7+ Kh8 39.Qd4+ R5f6  0-1

[Event "Open"]
[Site "Davos SUI"]
[Date "2010.08.13"]
[Round "6"]
[White "Vos,C"]
[Black "Isherwood,P"]
[Result "1-0"]
[WhiteElo "2083"]
[BlackElo "2034"]

1.e4 d6 2.d4 Nf6 3.Nc3 Nbd7 4.f4 e5 5.Nf3 exd4 6.Qxd4 c6 7.h3 d5 8.e5 Bc5
9.Qd3 Nh5 10.Ne2 Bb4+ 11.c3 Be7 12.Be3 g6 13.Rd1 Ng7 14.g4 h5 15.Rg1 hxg4
16.hxg4 Nc5 17.Bxc5 Bxc5 18.Ned4 Rh4 19.Nxh4 Qxh4+ 20.Qg3 Be7 21.Qxh4 Bxh4+
22.Ke2 Ne6 23.Kf3 Be7 24.Rh1 Bf8 25.Bd3 Nc5 26.Bc2 Bg7 27.Rde1 Kf8 28.f5 f6
29.exf6 Bxf6 30.b4 Nd7 31.Ne6+ Kg8 32.Nc7 Rb8 33.Re8+ Nf8 34.Ne6 Bg7 35.Nxg7 Kxg7
36.Rhe1 gxf5 37.R1e7+ Kf6 38.g5+  1-0

[Event "Open"]
[Site "Geraardsbergen BEL"]
[Date "2010.08.13"]
[Round "6"]
[White "Van den Heede,D"]
[Black "Barbier,Wim"]
[Result "0-1"]
[WhiteElo "1797"]
[BlackElo "2151"]

1.e4 d6 2.d4 Nf6 3.Nc3 e5 4.dxe5 dxe5 5.Qxd8+ Kxd8 6.Bg5 Be6 7.O-O-O+ Kc8
8.Bxf6 gxf6 9.Nd5 Nd7 10.Bd3 Rg8 11.Ne3 Bc5 12.g3 a5 13.a3 c6 14.Nf3 b5 15.Kd2 Kc7
16.Nh4 Nb6 17.Ra1 Rgd8 18.Ke2 Na4 19.b3 Nc3+ 20.Kf3 Bd4 21.Nhf5 Bxe3 22.Kxe3 c5
23.Ng7 Rd4 24.f3 c4 25.Kd2 Nxe4+ 26.fxe4 cxd3 27.Nxe6+ fxe6 28.cxd3 Rad8
29.Rac1+ Kb6 30.Rc3 Rxe4 31.Rhc1 Red4 32.Rc6+ Kb7 33.Rc7+ Kb8 34.Rxh7 Rxd3+
35.Ke2 Rd2+ 36.Kf3 f5 37.Rc3 R2d3+ 38.Rxd3 Rxd3+ 39.Ke2 Rxb3 40.Rg7 Rxa3
41.Kd2  0-1

[Event "9th Mario Covas Jr"]
[Site "Santos BRA"]
[Date "2010.08.13"]
[Round "1"]
[White "Milos,G"]
[Black "Bachmann,Ax"]
[Result "1/2-1/2"]
[WhiteElo "2606"]
[BlackElo "2552"]

1.e4 d6 2.d4 Nf6 3.Nc3 e5 4.dxe5 dxe5 5.Qxd8+ Kxd8 6.Bc4 Be6 7.Bxe6 fxe6
8.f3 Bd6 9.Be3 a6 10.Nh3 Ke7 11.O-O-O Nc6 12.Nf2 Rad8 13.Ne2  1/2-1/2

[Event "e2e4 Autumn Women"]
[Site "Uxbridge ENG"]
[Date "2010.08.13"]
[Round "4"]
[White "Dines,S"]
[Black "Steil Antoni,F"]
[Result "0-1"]
[WhiteElo "1931"]
[BlackElo "2193"]

1.e4 d6 2.d4 Nf6 3.Nc3 Nbd7 4.Be3 e5 5.h3 Be7 6.dxe5 dxe5 7.Bd3 c6 8.Nge2 O-O
9.Qd2 Nc5 10.O-O Be6 11.f4 Nxd3 12.cxd3 exf4 13.Nxf4 Qd7 14.Rad1 b6 15.Nxe6 Qxe6
16.Qe2 Rad8 17.Qf3 Rd7 18.d4 Rfd8 19.a3 Bf8 20.Rd2 Re8 21.e5 Nd5 22.Ne4 Qg6
23.Rdf2 c5 24.Nd6 Nxe3 25.Nxe8 Nxf1 26.Rxf1 cxd4 27.Qa8 Qe6 28.Rc1 Qd5 29.Qb8 Rd8
30.Rc8 Rxc8 31.Qxc8 Qxe5  0-1

[Event "ch-SLO w"]
[Site "Ljubljana SLO"]
[Date "2010.08.14"]
[Round "8"]
[White "Kralj,Manca"]
[Black "Novak,Ks"]
[Result "1/2-1/2"]
[WhiteElo "1791"]
[BlackElo "2200"]

1.e4 d6 2.d4 Nf6 3.Nc3 e5 4.Nf3 Nbd7 5.Bc4 Be7 6.O-O O-O 7.Bg5 c6 8.Bxf6 Bxf6
9.Bb3 exd4 10.Nxd4 Nc5 11.Re1 a5 12.a4 Qb6 13.Qd2 Nxb3 14.Nxb3 Rd8 15.Nd1 Be6
16.Qe3 Qb4 17.Qd2 Bxb3 18.Qxb4 axb4 19.cxb3 Bd4 20.Rc1 Re8 21.Kf1 g6 22.Rc2 f5
23.exf5 Rxe1+ 24.Kxe1 gxf5 25.Rd2 Be5 26.Ne3 Bf4 27.Rd4 Bxe3 28.fxe3 Kf7
29.Rxd6 b5 30.Rxc6 bxa4 31.bxa4 Rxa4 32.Rc4 Kf6 33.b3 Ra2 34.Kf1 h5 35.Rxb4 Rb2
36.h4 Kg6 37.Rb6+ Kg7 38.b4 Kh7 39.b5 Kg7 40.Rb8 Rb4 41.g3 Rb2 42.b6 Kh7
43.b7 Kg7 44.Ke1 Kh7 45.Kd1 Kg7 46.Kc1 Rb6 47.Kc2 Kh7 48.Kc3 Kg7 49.Kd4 Rb5
50.Kc4 Rb1 51.Kd5 Rb3 52.Ke5 Rxe3+ 53.Kxf5 Rb3 54.Kf4 Rb4+ 55.Kf3 Rb3+ 56.Kg2 Rb2+  1/2-1/2

[Event "ch-SLO w"]
[Site "Ljubljana SLO"]
[Date "2010.08.14"]
[Round "8"]
[White "Bajt,I"]
[Black "Krivec,J"]
[Result "0-1"]
[WhiteElo "2189"]
[BlackElo "2318"]

1.e4 d6 2.d4 Nf6 3.Nc3 e5 4.Nf3 Nbd7 5.Bc4 Be7 6.O-O O-O 7.Re1 c6 8.a4 b6
9.Bg5 a6 10.Bxf6 Bxf6 11.d5 c5 12.Bd3 Bg5 13.Nd2 Bxd2 14.Qxd2 g6 15.Qh6 Nf6
16.Qh4 Qe7 17.g3 Kg7 18.f4 h6 19.Rad1 exf4 20.gxf4 Nxd5 21.Qxe7 Nxe7 22.Bc4 Rd8
23.e5 Nf5 24.e6 Bxe6 25.Bxe6 fxe6 26.Rxe6 Re8 27.Rxe8 Rxe8 28.Kf2 Nd4 29.Rd2 b5
30.axb5 axb5 31.Nd5 Rf8 32.c3 Rf5 33.Nc7 Rxf4+ 34.Kg3 Rf7 35.Ne8+ Kf8 36.Nxd6 Nf5+
37.Nxf5 Rxf5 38.Rd7 c4 39.Rb7 Rd5 40.h4 Kg8 41.Kg4 Rf5 42.Rb8+ Kf7 43.Rb7+ Kf8
44.Kh3 h5 45.Kg3 g5 46.hxg5 Rxg5+ 47.Kf4 Rc5 48.Kg3 Rf5 49.Kh4 Ke8 50.Rh7 Rf2
51.Rxh5 Rxb2 52.Kg4 Kd7 53.Kf4 Kc6 54.Ke4 Re2+ 55.Kf4 Kb6 56.Rh1 b4 57.cxb4 Kb5
58.Rb1 c3 59.Kf3 Re8 60.Kf2 Kc4 61.b5 c2 62.Rc1 Kc3  0-1

[Event "Manhem Chess Week GM"]
[Site "Gothenburg SWE"]
[Date "2010.08.15"]
[Round "6"]
[White "Nithander,V"]
[Black "Carlhammar,M"]
[Result "0-1"]
[WhiteElo "2409"]
[BlackElo "2311"]

1.e4 d6 2.d4 Nf6 3.Nc3 e5 4.Nf3 Nbd7 5.Bc4 Be7 6.O-O O-O 7.Re1 c6 8.a4 a5
9.h3 Nb6 10.Bb3 Nfd7 11.Be3 exd4 12.Qxd4 Nc5 13.Ba2 Be6 14.Bxe6 fxe6 15.e5 d5
16.Qg4 Nbd7 17.Bh6 Rf7 18.Ne2 Nf8 19.Ned4 Qd7 20.h4 Ne4 21.h5 b5 22.axb5 cxb5
23.Be3 a4 24.Nh2 b4 25.Qe2 Bc5 26.Ng4 h6 27.Qd3 Kh8 28.c4 bxc3 29.bxc3 a3
30.Ra2 Qa4 31.Rea1 Rb7 32.f3 Ng3 33.Kh2 Nxh5 34.Bc1 Qa6 35.Qd2 Rba7 36.Bxa3 Qc8
37.Bxc5 Rxa2 38.Rxa2 Rxa2 39.Qxa2 Qxc5 40.Qd2 Qe7 41.g3 Nh7 42.f4 Nf8 43.Qd3 Qf7
44.Qf3 Kh7 45.Kg2 Kh8 46.Nf2 Kh7 47.Nd3 g6 48.Nb5 Ng7 49.Nd6 Qd7 50.Qe3 Qc7
51.Qd4 Nd7 52.g4 Qb6 53.Qxb6 Nxb6 54.Nc5 Kg8 55.Kf3 Kf8 56.Ke3 Ke7 57.Nd3 Ne8
58.Kd4 Nxd6 59.exd6+ Kxd6 60.Ne5 h5 61.gxh5 gxh5 62.Ng6 Nc4 63.Nh4 Na5 64.Kd3 Ke7
65.Kd4 Kf6 66.f5 Nb3+ 67.Ke3 e5 68.Kf3 Nd2+ 69.Ke3 Nc4+  0-1